000 00420nam a2200193Ia 4500
001 14500
003 GE_BSU
008 181216s||||||||xx |||||||||||||| ||und||
020 _a0862836018
040 _cGE_BSU
080 _a641
245 _aNice & Easy Cookbook
260 _aLondon
260 _bColour Library Books
260 _c1988
300 _a512p.ill.28cm.
653 _aNice & Easy Cookbook
942 _cBK
999 _c47631
_d47631